00503nam a22001577a 450000500170000000800410001702000180005804100080007608200170008410000230010124500660012426000490019030000180023965000640025770000240032120250824202423.0250823b |||||||| |||| 00| 0 eng d a9781633696846 aeng a658.4038 POR a Porter,Michael E. aHBR's 10 Must Reads on AI, Analytics, and The New Machine Age a BostonbHarvard Business Review Pressc2019 a181;. p. 21cm aArtificial intelligence, Industrial management, Data mining aHeppelmann, James E